Identificación de las obras de protección contra la socavación del puente sobre el río Toro Amarillo en la Ruta No.32
Kaydedildi:
| Yazar: | |
|---|---|
| Materyal Türü: | Kitap |
| Dil: | Spanish |
| Baskı/Yayın Bilgisi: |
[San José], Costa Rica
2012
|
| Konular: | |
| Etiketler: |
Etiketle
Etiket eklenmemiş, İlk siz ekleyin!
|
MARC
| LEADER | 00000nam a22000007a 4500 | ||
|---|---|---|---|
| 003 | 010772 | ||
| 005 | 20221231143927.0 | ||
| 008 | 151102b2012 cr a|||| |||| 00| 0 spa d | ||
| 040 | |c cru CEDI | ||
| 090 | |a TFG 6595 | ||
| 100 | |9 1971 |a Mora Marín, Pablo Daniel | ||
| 245 | |a Identificación de las obras de protección contra la socavación del puente sobre el río Toro Amarillo en la Ruta No.32 | ||
| 260 | |a [San José], Costa Rica |c 2012 | ||
| 500 | |a Proyecto de graduación (licenciatura en ingeniería civil)--Universidad de Costa Rica. Facultad de Ingeniería. Escuela de Ingeniería Civil | ||
| 650 | |x SOCAVACION EN PUENTES |x PUENTES - CIMIENTOS Y PILAS - EVALUACION |x RIO TORO AMARILLO (COSTA RICA) |9 1972 | ||
| 942 | |c TFG | ||
| 999 | |c 14355 |d 14355 | ||
